000 00741 a2200217 4500
010 _aENG-89652
020 _c345.00
_a0195695739
035 _aEN-73185
037 _bDBAD / PUB
082 1 4 _a305.420954
090 _c11402
_d11402
100 1 _aChandra, Sudhir
245 1 _aEnslaved daughters:
_cby Sudhir Chandra
_bcolonialism, law and women's rights/
250 _a2nd ed
260 _aNew Delhi
_bOxford University Press
_c2008
270 _aYMCA Library Building, Jai Singh Road
_bNew Delhi
_cDelhi
_e110001
300 _axiii, 265p.
_c22 cm (pbk)
500 _aIncludes index.
942 _adpl
_cEN
_k 305.420954/ CHA
999 _c11089
_d11089